000 00496nam a2200193 a 4500
005 20210223124048.0
008 991125n 000 0 spa u
035 _aUPN01000105606
100 _aGUINSBERG, Enrique
_942917
222 _aREVISTA CONAFE : EDUCACIÓN Y CULTURA
245 _a¿Existe la salud mental?
300 _a34-39
362 _a1992 No. 5, ene.-mar.
653 0 _aPSICOLOGIA
653 0 _aSALUD
653 0 _aSALUD MENTAL
904 _aAC
_b043417
905 _aArticulo
999 _c79554
_d79554